Statistics for Города Крыма

Click here to take the quiz!

General Stats

  • This quiz has been taken 154 times
    (151 since last reset)
  • The average score is 9 of 17

Answer Stats

Город% Correct
Севастополь
95%
Симферополь
91%
Керчь
83%
Ялта
80%
Евпатория
63%
Феодосия
60%
Алушта
60%
Алупка
50%
Бахчисарай
50%
Джанкой
48%
Судак
43%
Армянск
40%
Саки
35%
Красноперекопск
26%
Белогорск
20%
Старый Крым
16%
Щёлкино
12%

Score Distribution

Percentile by Number Answered

Percent of People with Each Score

Your Score History

You have not taken this quiz since the last reset